El islam en las aulas /

Investigación que forma parte de un programa europeo orientado a difundir en la opinión pública del continente una visión del islam menos etnocentrista que la que priva en la mayoría de las personas, una visión más apegada a la verdad histórico-cultural. En concreto, analiza los textos que se utiliz...

Descrizione completa

Salvato in:
Dettagli Bibliografici
Autore principale: Navarro, Josep María (ed.)
Natura: Libro
Lingua:spagnolo
Pubblicazione: Barcelona, España : Icaria, 1997, c1997
Serie:(Antrazyt ; 105)
Soggetti:
Tags: Aggiungi Tag
Nessun Tag, puoi essere il primo ad aggiungerne!!

MARC

LEADER 00000nam^a2200000^a^4500
001 000146498
005 20250521000000.0
009 20260310095915.135
020 |a 84-7426-324-7 
037 |a Acervo ITESO - Biblioteca 
041 |a ESP 
082 |a 370. 193420946  |b NAV 
100 |a Navarro, Josep María  |e (ed.) 
245 1 3 |a El islam en las aulas /  |c Ed. de J.M. Navarro ; pról. de Jean Loup Hervert. 
264 4 |a Barcelona, España :  |b Icaria,  |c 1997, c1997 
300 |a 319 p. 
336 |a texto  |b txt  |2 rdacontenido 
337 |a sin mediación  |b n  |2 rdamedio 
338 |a volumen  |b nc  |2 rdasoporte 
440 1 |a (Antrazyt ;  |v 105) 
520 |a Investigación que forma parte de un programa europeo orientado a difundir en la opinión pública del continente una visión del islam menos etnocentrista que la que priva en la mayoría de las personas, una visión más apegada a la verdad histórico-cultural. En concreto, analiza los textos que se utilizan en España para dar cuenta tanto de la historia del período islámico del país, como en general de la cultura islámica. 
649 |a XX 
650 |a Islamismo -  |z España -  |x Estudio y Enseñanza 
650 |a Islamismo -  |z España -  |x Historia 
650 |a Islamismo -  |x Historia -  |x Estudio y Enseñanza 
650 |a España -  |x Historia -  |y Período Arabe, 711-1492 -  |x Estudio y Enseñanza 
650 |a España -  |x Historia -  |x Estudio y Enseñanza 
650 |a Historia -  |x Estudio y Enseñanza 
650 |a Racismo 
650 |a Discriminación 
650 |a Tolerancia e Intolerancia 
650 |a Diversidad Cultural 
650 |a Diferencia y Otredad 
650 |a Relaciones Interculturales 
650 |a Currículo -  |z España 
650 |a Libros de Texto -  |z España 
650 |a Apoyos Didácticos -  |z España 
650 |a Educación Intercultural -  |z España 
650 |a Educación y Sociedad -  |z España 
910 |a Fondo General 
920 |a Impresos - Libros 
930 |a Colección General 
905 |a 101 
901 |a 0500075843  |b IT1  |c ACC  |u 20250521 
902 |a https://opac.biblio.iteso.mx/vufind/Record/000146498